00539nam a2200169 i 4500001000700000003000900007005001700016007000300033008004100036100002900077245008400106260003200190300002100222490003200243830003200275852006200307182361ES-MaACL20230906221605.0t|130806s1989 ck r ||||1| spa d1 aPérez Pérez, Amadeo.10aSonetos y otros poemas cortos... desde el laberinto / cAmadeo Pérez Pérez. aMedellín : bLea, c1989. a32 p. ; c22 cm.1 aPoesía pragmática ; v10 aPoesía pragmática ; v1 aES-MaACLj2319-F-24 z.- Dedicatoria manuscrita del autor